[Event "Olympiad-36"]
[Site "Mallorca"]
[Date "2004.10.24"]
[Round "9"]
[White "Dominguez Perez, Leinier"]
[Black "Nielsen, Peter Heine"]
[Result "1-0"]
[WhiteElo "2645"]
[BlackElo "2663"]
[Annotator "Lukacs,P"]
[PlyCount "121"]
[EventDate "2004.10.15"]
[EventType "team-swiss"]
[EventRounds "14"]
[EventCountry "ESP"]
[SourceTitle "CBM 104"]
[Source "ChessBase"]
[SourceDate "2005.01.27"]
[SourceVersion "1"]
[SourceVersionDate "2005.01.27"]
[SourceQuality "1"]
[WhiteTeam "Cuba"]
[BlackTeam "Denmark"]
[WhiteTeamCountry "CUB"]
[BlackTeamCountry "DEN"]

1. e4 c6 2. d4 d5 3. Nd2 dxe4 4. Nxe4 Bf5 5. Ng3 Bg6 6. h4 h6 7. Nf3 Nd7 8. h5
Bh7 9. Bd3 Bxd3 10. Qxd3 e6 11. Bf4 Qa5+ 12. Bd2 Bb4 13. c3 Be7 14. c4 Qa6 $5
15. O-O Ngf6 {>< h5 is more vulnerable now.} 16. Rfe1 Rd8 $5 {[#]} (16... O-O
17. Nf5 $1 {This N was the black sheep anyway!} (17. Bf4 Nd5) 17... exf5 $5 (
17... Bd8 $2 {allows the devastating sacrifice} 18. Nxh6+ $1 gxh6 19. Bxh6 Re8
20. Ne5 {/\ Qg3} Nxe5 21. dxe5 Ng4 22. Qg3 Kh7 23. Qxg4 Kxh6 24. Qf4+ Kg7 (
24... Bg5 25. Qxf7 $18) 25. h6+ $18) (17... Rfe8 18. Nxe7+ Rxe7 19. Bb4 {
White's position looks a bit better, but there are constant problems with ><
h5.} Ree8 20. Ne5 Rad8 (20... Nxe5 21. Rxe5 Rad8 {+/=/=}) 21. Qe2 {Now White
has consolidated his position defending >< h5 and improving the Q's position
as well.} b5 $5 (21... Nxe5 22. dxe5 Nd7 23. Bd6 $14 {with a huge space
advantage for White.}) 22. Rac1 bxc4 23. Nxc4 $1 {looks more precise, for
example:} (23. Qxc4 Qxc4 24. Rxc4 Nb6 $1 (24... Nb8 {was too passive.} 25. Bc5)
25. Rxc6 Rxd4 26. Bc5 {Black has chances to create a remote o^ on the <<, his
P majority is his main hope.} Ra4 (26... Rd2 27. Bxb6 axb6 28. Rxb6 $16 {
with two connected passed pawns on the <<.}) 27. a3 Nc4 $5 (27... Nfd5 28. g3
$14) 28. Nxf7 $1 $14 {Leko-Bareev, Dortmund 2002 CBM 90}) 23... e5 (23... Qb5
$1 24. Ba3 (24. a3 Nxh5) 24... Nxh5 (24... Qxh5 25. Qxh5 Nxh5 26. Nd6 Rf8 27.
Nb7 Rb8 28. Na5 $16 {>< c6}) 25. Nd6 Qxe2 26. Rxe2 $16) 24. Nxe5 Qxe2 25. Rxe2
$14) 18. Rxe7 Rfe8 19. Rxe8+ ({The aggressive} 19. Rae1 $5 {comes into
consideration.} Rad8 $142 (19... Rxe7 20. Rxe7 Qxa2 21. Qxf5 Rd8 (21... Qxc4
22. Rxd7 Nxd7 23. Qxd7 Qb3 24. Bc3 $16) 22. Ne5 $16 {and the white pieces
dominate the board.}) 20. Qxf5 (20. Rxe8+ Rxe8 21. Rxe8+ Nxe8 22. Qxf5 Ndf6 23.
Qc8 $14) 20... Rxe7 21. Rxe7 Qxc4 (21... Qxa2 {- 19...Re7}) 22. Qa5 Ra8 23. Qc7
$14 {with penetration on the 7-th rank.}) 19... Rxe8 20. Nh4 f4 21. Nf5 Nxh5
22. Qf3 Ndf6 23. Bxf4 (23. b3 Qa3 $1 {/\ Qb2 activating the passive Q.} (23...
Re4 24. Bc3 Qb6 25. Rd1 $14) 24. Bxf4 (24. Bc3 Ne4) 24... Qb2 25. Rf1 Qe2 $132
{and the Q penetrated to the 2-nd rank with a great effect.}) 23... Nxf4 (23...
Qxc4 24. Nd6 Qxd4 25. Nxe8 Nxf4 26. Nxf6+ Qxf6 27. Re1 $14 {and the R is much
better than the N in this type of position.}) 24. Qxf4 Qb6 (24... Qa5 $2 {
This allows White to devastate Black's >>.} 25. Nxh6+ $1 $16 {Ye
Jiangchuan-Garcia Palermo, Tripoli 2004 CBM 102}) 25. Qg3 (25. Nxh6+ gxh6 26.
Qxf6 {is now strongly met by} Qxb2 $132) 25... g6 26. Nxh6+ Kg7 27. Nf5+ Kg8
28. Nd6 Qxb2 $132) 17. Nh4 $1 {[%mdl 8]} (17. a4 $5 O-O 18. b4 {deserves
attention.}) (17. b3 O-O 18. Nf5 Rfe8 (18... Ba3 $5) 19. Nxe7+ Rxe7 $15 {
and >< h5 remains a target, Koscielski-Doettling, Bad Wiessee 2003.}) (17. Qe2
O-O 18. Ne5 c5 19. Bc3 cxd4 20. Bxd4 Nxe5 21. Bxe5 Qa5 $11 {Smeets-Khenkin,
Hoogeveen 2004}) 17... Nc5 (17... Nb6 18. b3 O-O 19. Nhf5 Ba3 20. Nxh6+ $1 gxh6
21. Bxh6 $36) (17... O-O 18. Nhf5 $1 $14) 18. Qe2 Rxd4 19. Nhf5 $1 Qxc4 (19...
Rxc4 20. Nxg7+ $1 {and the black K becomes extremely vulnerable in the middle
of the board.} (20. Qe5 Ncd7 $1) 20... Kd7 (20... Kd8 21. N7f5 Ra4 22. Qd1 $36)
21. N7f5 $1 Rg4 (21... Ra4 22. Bc3) 22. Qxa6 Nxa6 23. Bc3 $1 $16) 20. Nxd4 Qxd4
21. Nf5 $1 {The second N arrives on f5!} Qe4 (21... Qd3 22. Nxe7 Qxe2 23. Rxe2
Kxe7 24. Bb4 $14 {with a nasty pin.}) (21... Qd8 22. Bb4 $14) 22. Nxe7 Kxe7 (
22... Qxe2 23. Rxe2 Kxe7 24. Bb4 $14) 23. Qd1 $1 Qf5 (23... Qd5 24. Bb4 $14)
24. Bb4 Rd8 25. Qf3 Rd5 26. Qa3 Nfd7 (26... Kf8 27. Bxc5+ Rxc5 28. Rac1 b6 29.
Qxa7 $16) 27. Rad1 Qxh5 28. Rxd5 Qxd5 29. Rc1 b6 30. Qxa7 {Black has still two
pawns for the exchange, but his is strangled.} h5 (30... Kf6 31. Bxc5 Nxc5 (
31... bxc5 32. Qa3 $16) 32. Qxb6 $16) 31. Bxc5+ bxc5 {White now has a strong
remote o^.} 32. Qa4 Qd2 33. Qc2 (33. Rd1 Qe2 (33... Qxb2 $2 34. Qa7 $18) 34.
Rb1 Qd3 35. Rf1 $16) 33... Qxc2 34. Rxc2 {The _|_ with the a P is very good
for White.} Kd6 35. Rc3 g5 36. Rd3+ Kc7 37. Rh3 h4 38. f4 $1 {White has to
open lines for the R.} gxf4 (38... f6 39. fxg5 fxg5 40. g3 hxg3 41. Rxg3 Ne5
42. Kf2 g4 43. Re3 $16) 39. Rxh4 f5 (39... e5 $5 40. Rh7 c4 41. Rxf7 Kd6 42. a4
$16) 40. Rh7 $5 (40. Rxf4 $16 {was rather simple.}) 40... c4 (40... Kd6 41. a4
c4 42. a5 $16) 41. Kf2 Kd6 42. a4 $1 Nf6 (42... Nc5 43. a5 e5 44. Kf3 $16) (
42... e5 43. a5 Nc5 44. Kf3 $16) 43. Rg7 Ne4+ (43... Kc5 44. Rb7 $16) (43...
Nd7 44. a5 Nc5 45. Kf3 {- 43...Ne4} (45. g3 fxg3+ 46. Kxg3 e5)) 44. Kf3 e5 (
44... Nc5 45. a5 e5 46. Rg6+ Kd5 47. Rf6 $18) 45. a5 $1 {The a P is White's
main trumph.} Nc5 46. Rf7 Ke6 47. Ra7 $1 Kd5 (47... e4+ 48. Kxf4 Nd3+ 49. Ke3
Nxb2 50. a6 c3 51. Rc7 Nc4+ 52. Kd4 Kd6 53. a7 Nb6 54. Rh7 c2 55. Rh1 $18) 48.
a6 Kd6 49. Ra8 Kc7 50. a7 Kb7 51. Re8 Kxa7 52. Rxe5 {and Black's position
falls apart.} Nd3 53. Rxf5 Ne1+ 54. Kf2 Nd3+ 55. Ke2 Kb6 56. b3 $1 Nc1+ 57. Kd1
Nxb3 58. Rxf4 Kc5 59. g4 Nd4 60. g5 Ne6 61. Rf7 1-0

[Event "EU-Cup 19th"]
[Site "Rethymno"]
[Date "2003.10.03"]
[Round "6.5"]
[White "Vallejo Pons, Francisco"]
[Black "Landa, Konstantin"]
[Result "1-0"]
[WhiteElo "2662"]
[BlackElo "2614"]
[Annotator "Lukacs,P"]
[PlyCount "138"]
[EventDate "2003.09.28"]
[EventType "team-swiss"]
[EventRounds "7"]
[EventCountry "GRE"]
[SourceTitle "CBM 098"]
[Source "ChessBase"]
[SourceDate "2004.02.03"]
[SourceVersion "1"]
[SourceVersionDate "2004.02.03"]
[SourceQuality "1"]
[WhiteTeam "Paris NAO"]
[BlackTeam "Tomsk 400"]
[WhiteTeamCountry "FRA"]
[BlackTeamCountry "RUS"]

1. e4 c6 2. d4 d5 3. Nd2 dxe4 4. Nxe4 Bf5 5. Ng3 Bg6 6. h4 h6 7. Nf3 Nd7 8. h5
Bh7 9. Bd3 Bxd3 10. Qxd3 e6 11. Bf4 Ngf6 12. O-O-O Be7 13. Kb1 Qa5 14. Ne4 O-O
15. g4 $5 Nxg4 (15... Nxe4 16. Qxe4 Nf6 17. Qe2 (17. Qe5 Qd5 $1) 17... Nxg4 {
is the other version of accepting the P sac.} 18. d5 $1 {closing the way for
the enemy Q on the fifth rank.} (18. Rdg1 Qf5 19. Ne5 Qxf4 20. Rxg4 Qf5 21.
Rhg1 Bf6 22. Nd7 Rfd8 23. Nxf6+ Qxf6 24. Qe5 Qxe5 25. dxe5 Kh8 26. Rxg7 Rg8 $11
{is not enough for White.}) 18... Qb6 (18... Bf6 19. dxe6 Qb4 {is simply
parried by} 20. c4 Qxb2+ 21. Qxb2 Bxb2 22. e7 $1 {This is an important
intermediate move.} (22. Kxb2 fxe6) 22... Rfe8 23. Kxb2 Nxf2 24. Bd6 $16 {
holding the dangerous o^ on e7.}) (18... cxd5 19. Rhg1 Nf6 20. Bxh6 $40) 19.
Nd4 $1 (19. Nd2 {is not so clear in view of} Nf6 $1 20. Nc4 (20. dxe6 Nd5 $1)
20... Qb5 21. dxe6 Nd5 22. exf7+ Rxf7 23. Be5 Nb6 24. Rd4 Bc5 $132) 19... Nf6
20. dxe6 Nd5 21. Qg4 Nc3+ 22. Ka1 Nxd1 23. Rxd1 Bf6 24. Bxh6 $40 {with a very
strong -> for the sacrificed exchange.}) 16. Ne5 f5 (16... Ngxe5 17. dxe5 {
gives White a very good position for the sacrificed P.} Rad8 (17... Nc5 18.
Nxc5 Qxc5 19. Qg3 Kh7 20. Rd7 $16 {with penetration on the 7-th rank.}) (17...
Nxe5 18. Qg3 $16) 18. Qg3 $1 {leaves more options for White.} (18. Rdg1 Kh8 19.
Qg3 $5 (19. Bxh6 gxh6 20. Qe3 Kh7 21. Qd3 Kh8 $11) (19. Qe3 Kh7 $11 (19... Rg8
20. Bxh6 Nxe5 21. Bg5 Nc4 22. Qc1 $13))) 18... Kh8 19. Nd6 $1 (19. Rhg1 Rg8 20.
Rxd7 $1 Rxd7 21. Bxh6 Bf8 22. Bc1 $1 $40 (22. Nf6 $6 Rd1+ $1 23. Rxd1 gxf6 24.
Qe3 Qxe5 25. Qc1 Kh7)) 19... Bxd6 20. Rxd6 $16 {and White has a strong
pressure on the d <-> and on the >> for the P.}) (16... Ndxe5 $142 17. dxe5
Rad8 (17... f5 18. exf6 Nxf6 19. Rdg1 Qf5 20. Bxh6 Rf7 21. Nxf6+ Bxf6 22. Qb3
$14 {Predojevic-Flumbort, Budapest 2003}) 18. Qh3 Qb4 (18... Nxe5 19. Qg3 Rxd1+
20. Rxd1 Ng4 21. Qxg4 f5 22. Qg6 fxe4 23. Bxh6 Qe5 24. Be3 Bf6 25. c3 Qf5 26.
Rd7 b5 27. Bxa7 $16 {Motylev-Willemze, Hoogeveen 2003}) 19. Rdg1 Qxe4 (19...
Nxf2 $4 20. Qg2 $18 {Sebastian-Van Delft, Hamburg 2003}) 20. Rxg4 Qh7 21. Rhg1
Kh8 22. Qg3 Rg8 23. Be3 a6 24. a3 Rd7 25. Qg2 Rd5 26. Qg3 Rd7 27. Qg2 Rd5 28.
Qg3 {1/2-1/2 Kasimdzhanov-Mchedlishvili, Rethymnon 2003}) 17. Nxd7 $1 {[%mdl 8]
} (17. Nxg4 fxe4 (17... fxg4 {deserves attention as well.} 18. Bxh6 (18. Qe3
Rae8 19. Rdg1 Qf5 20. Bd6 Qf3 $132) 18... gxh6 (18... Qf5 19. Bc1 (19. Be3 $16)
19... Nf6 20. Nxf6+ Bxf6 21. Qb3 Rf7 22. h6 Rd8 23. hxg7 Bxg7 24. Be3 $16 {
Dworakowska-Palo, Aarhus 2003}) 19. Nc5 Nxc5 20. Qg6+ Kh8 21. Qxh6+ Kg8 {
is no more than a perpetual check.}) 18. Qxe4 Qf5 19. Qe2 {White overestimates
his attacking possibilities. The situation has been changed rapidly, he had to
go for a slightly better _|_.} (19. Qxf5 exf5 20. Ne3 $14 {looked a bit better.
}) 19... Nf6 20. Nxf6+ Bxf6 21. Be3 (21. Bd6 Rfd8 22. Be5 Bxe5 23. dxe5 Rd5 $11
{is an equal _|_ again.}) 21... Rad8 $11 {Black has fully equalized, White's
attacking chances vanished forever, P.Nielsen-Dreev, Esbjerg 2003 CBM 96.})
17... fxe4 18. Qg3 $1 (18. Qxe4 Qf5) 18... Rxf4 (18... Qf5 19. Nxf8 Rxf8 20.
Be3 $16 {and Black has no adequate compensation for the exchange.}) 19. Qxf4
Qf5 20. Qc7 Bg5 (20... Nxf2 $1 {- Motylev-Dreev, Krasnoyarsk 2003 CBM 98}) 21.
Rhf1 Bf4 (21... Rd8 22. Qxb7 $18) 22. Qxb7 Rd8 23. Qxc6 e3 24. fxe3 Nxe3 25.
Rxf4 (25. Rde1 {is another version to reach a winning R _|_.} Nxf1 26. Rxf1 Qd5
$1 (26... Qxh5 27. Qxe6+ Kh8 28. a3 $18) 27. Qxd5 exd5 28. Rxf4 Rxd7 29. b3 Rf7
30. Rxf7 Kxf7 31. Kc1 g6 (31... g5 32. Kd2 $18) 32. Kd2 $1 $18) 25... Qxf4 26.
Qxe6+ (26. Re1 Qxd4 27. Qxe6+ Kh8 28. b3 Qxd7 29. Qxd7 Rxd7 30. Rxe3 Rd5 31.
Rh3 Kh7 32. c4 {looks also temting for White!}) 26... Kh7 27. Re1 (27. Nf6+ $1
{is even simpler.} Qxf6 (27... gxf6 28. Qe7+ Kh8 29. Qxd8+ $18) 28. Qxe3 $18)
27... Qxd4 28. a3 Qxd7 29. Qg6+ (29. Qxd7 Rxd7 30. Rxe3 Rd5 31. Rh3 $16) 29...
Kg8 30. Rxe3 Qf7 31. b3 $6 (31. b4 $1 {would have won a decisive tempo in the
P race.} Qxg6 32. hxg6 Kf8 33. Rf3+ Ke8 34. c4 Rd6 35. Rg3 Rc6 36. c5 Kd7 37.
Kb2 $18) 31... Qxg6 32. hxg6 Kf8 33. Re6 $2 {This forgets about Black's only
chance, the o^ h.} (33. Rf3+ $1 Ke8 34. c4 Rd6 35. Rg3 {was simple, because
Black has no chance to push his o^.} Kd7 36. b4 Kc6 37. Kc2 $16) 33... h5 $1 {
Black grabs his only counterchance.} 34. Kb2 Re8 35. Ra6 Ke7 $1 {/\ Rh8 with a
Tarrasch rook.} 36. Rxa7+ Kf6 37. a4 h4 38. a5 Kxg6 39. Rd7 h3 {Black's o^ is
very fast.} 40. a6 h2 (40... Ra8 41. Rd3 h2 42. Rh3 Rxa6 43. Rxh2 Kf5 {- 40...
h2}) 41. Rd1 Ra8 42. Rh1 Rxa6 43. Rxh2 $11 Ra8 (43... Kf5 $1 {/\ g5 was the
real alternative, Black's K and o^ will be very active.} 44. c4 g5 45. b4 g4)
44. Rf2 $1 {cutting off the enemy K from the [+].} Kh5 45. c4 g5 46. b4 g4 47.
c5 g3 48. Rc2 Kg5 49. c6 Kf6 50. Rg2 Ke5 51. Rxg3 Kd6 52. b5 Kc5 {This is a
theoretical position.} 53. Rg5+ Kb6 54. Rd5 Ra4 55. Kc3 Rh4 56. Kd3 Rb4 57. Ke3
Rc4 58. Re5 Rh4 59. Kd3 Rg4 60. Re8 Rg7 61. Kc4 Rh7 (61... Rg4+ 62. Kd5 $18)
62. Rd8 Rh4+ 63. Kd3 Rh7 64. Rb8+ Ka7 65. Re8 Kb6 66. Kd4 Rg7 67. Rh8 Rf7 68.
Ra8 Rf4+ $4 {and finally Black blunders in a drawish position!} (68... Kxb5 {
was a simple draw, for example:} 69. Rc8 Kb6 70. Kd5 Rf5+ 71. Ke6 Rf1 72. Kd5
Rd1+ 73. Ke6 Re1+ $11) 69. Kd5 Rf5+ (69... Rf5+ 70. Ke6 Rf1 71. Rb8+ Kc7 72.
Rb7+ Kc8 73. Re7 $18) 1-0

[Event "Olympiad-36"]
[Site "Mallorca"]
[Date "2004.10.19"]
[Round "5"]
[White "Movsesian, Sergei"]
[Black "Morozevich, Alexander"]
[Result "1/2-1/2"]
[WhiteElo "2629"]
[BlackElo "2758"]
[Annotator "Lukacs,P"]
[PlyCount "125"]
[EventDate "2004.10.15"]
[EventType "team-swiss"]
[EventRounds "14"]
[EventCountry "ESP"]
[SourceTitle "CBM 104"]
[Source "ChessBase"]
[SourceDate "2005.01.27"]
[SourceVersion "1"]
[SourceVersionDate "2005.01.27"]
[SourceQuality "1"]
[WhiteTeam "Slovakia"]
[BlackTeam "Russia"]
[WhiteTeamCountry "SVK"]
[BlackTeamCountry "RUS"]

1. e4 {[%mdl 4]} c6 2. d4 d5 3. Nc3 dxe4 4. Nxe4 Bf5 5. Ng3 Bg6 6. h4 h6 7. Nf3
Nd7 8. h5 Bh7 9. Bd3 Bxd3 10. Qxd3 e6 11. Bf4 Qa5+ 12. Bd2 Bb4 13. Ne4 Ngf6 14.
Nd6+ Ke7 15. Nc4 Bxd2+ 16. Nfxd2 Qc7 17. O-O-O Rhd8 18. Qa3+ (18. Kb1 c5 19.
Nf3 Kf8 $11 {- Ekstroem-Dautov, SUI-chT 2004 CBM 101}) (18. g4 $5 {is an
interesting try to complicate matters.} c5 19. Rhg1 cxd4 20. g5 hxg5 21. Rxg5
Nc5 $13 (21... Rac8 22. Rxg7 Nxh5 23. Rg5 Nhf6 $13)) 18... c5 19. Nb3 b6 20.
dxc5 (20. Kb1 $2 {This "natural" move is rather slow.} Kf8 21. dxc5 bxc5 $1 {
Black keeps the passive N on b3.} (21... Nxc5 22. Nxc5 bxc5 $13) 22. Qa6 (22.
Rd3 Kg8 23. Rhd1 Nd5 24. g3 N7b6 $15) 22... Nb6 23. Qb5 (23. Qa5 Kg8 $15) 23...
Nfd5 $15 {Kobalija-Ovetchkin, Sochi 2004 CBM 101}) (20. Rd2 Kf8 21. Rhd1 {
keeping the tension looked more logical.} Ne4 (21... Kg8 22. dxc5 bxc5 23. Nxc5
Rac8 {White has won the weak c5 P, but Black still has some counterchances, ><
h5 is also a long-lasting target.} 24. Nxd7 Rxd7 25. Rxd7 Nxd7 26. b3 (26. Ne3
Nf6) 26... Qf4+ 27. Rd2 Nc5 28. Qxa7 Qf6 29. Kb1 Ne4 $44) 22. dxc5 $1 (22. Re2
Qf4+) 22... Ndxc5 23. Nxc5 bxc5 24. Rxd8+ Rxd8 25. Rxd8+ Qxd8 26. Qxa7 Qg5+ 27.
Ne3 Nxf2 $11) 20... bxc5 $5 (20... Nxc5 {was also playable.} 21. Nxc5 bxc5 22.
g3 (22. Qf3 Rd5 (22... Kf8 23. g4 {with some attacking chances on the >>.}) 23.
Rxd5 exd5 (23... Nxd5 24. Rd1) 24. Ne3 Qe5 $13 {and Black can hold his strong
central pawns.}) 22... Rab8 23. Qf3 Rd5 24. Qe2 {White cannot find a clear-cut
plan.} (24. Rxd5 exd5 $15) 24... Kf8 $15 {Jakovenko-Khenkin, Aeroflot Open 2004
}) 21. Nba5 $6 {Putting the N on the edge of the board was not necessary at
all.} (21. Rd6 $5 Kf8 22. Rhd1 Nd5 23. Qa5 (23. g3 Kg8) 23... N7b6 $13) (21.
Nd6 Kf8) (21. Rd2 $13) 21... Kf8 22. Qf3 Nb6 $15 23. g4 {White has no real
attacking chances on the >>.} Nbd5 24. Rd2 (24. Nb3 Rab8) 24... Rab8 25. Rhd1
Rb5 26. c3 $2 {Desperation.} (26. Nb3 Rb4 (26... a5 27. c3 a4) 27. Qe2 Qf4 $17)
26... Rdb8 $2 ({Why not the simple} 26... Rxa5 $1 27. Nxa5 Qxa5 28. c4 (28. Kb1
c4) 28... Qxa2 29. cxd5 Nxd5 $19 {and the -> cannot be parried?!}) 27. Nb3 a5
28. Na3 (28. Na1 a4 29. Nc2) 28... R5b7 29. c4 a4 {Black's -> is still growing
move by move.} 30. Na1 Qf4 $6 {Exchanging Q in an attacking position helps
only for the defence.} (30... Nb4 $17) 31. Qxf4 Nxf4 32. f3 e5 33. Nb5 e4 34.
fxe4 Nxg4 (34... Nxe4 $17) 35. b3 Ne6 36. Rd7 (36. Nd6 Ra7 $15) 36... axb3 37.
Nxb3 {Finally White's knights come back to fight.} (37. axb3 Nf2 $19) 37... Ne3
38. Rxb7 Rxb7 39. Na5 Rb6 40. Rd7 Ra6 $1 41. Ra7 (41. Nb7 Rxa2 42. Nc7 Nf4 $17)
41... Rxa7 42. Nxa7 g5 $1 43. Kd2 (43. hxg6 $2 fxg6 44. Kd2 Ng4 45. N7c6 h5 $17
) 43... Nf1+ 44. Ke1 Ng3 45. Nb5 Nxe4 46. Nb3 Ke7 47. a4 Nd6 $6 (47... g4 $2
48. Nd2 $1 Nxd2 49. Kxd2 Kd7 50. a5 Nd4 $19) (47... Nf4 $1 {was still very
promising in the N _|_.} 48. a5 (48. Nd2 Nxd2 49. Kxd2 Kd7 50. a5 Kc6 $17)
48... Nd3+ 49. Ke2 Nb4 50. Nd2 Nxd2 51. Kxd2 f5 52. Ke3 Ke6 $17) 48. Nd2 $1 Kd7
$1 (48... Nf4 49. a5) 49. a5 {White's remote o^ gives good drawing chances.} f5
(49... Kc6 $5) 50. a6 Nc8 (50... Nc7 51. a7 Na8 52. Nxd6 Kxd6 $11) 51. a7 Nb6
52. Nc3 Nc7 53. Nb3 Kd6 54. Na5 g4 55. Nb7+ Ke5 56. Nxc5 Kd4 (56... Nxc4) 57.
Nd7 Nba8 (57... Nxd7 58. Nb5+ Kxc4 59. Nxc7 Nb6 60. Kf2 (60. a8=Q $2 Nxa8 61.
Nxa8 Kd5 $1 62. Nc7+ Kd6 63. Ne8+ Ke7 $11) 60... f4 61. Ne6 Kb5 62. Nxf4 Ka6
63. Kg3 Kxa7 64. Kxg4 Nd7 $11) 58. Ne2+ Kxc4 59. Ne5+ Kd5 60. Nf7 Ne6 {This is
a critical position of the N _|_.} 61. Nxh6 (61. Kf2 $5 Ng7 $1 62. Nf4+ Kc6 $1
63. Nxh6 Nxh5 64. Nxh5 g3+ $1 $11) 61... Ng7 $1 62. Nf4+ Kc6 $1 63. Nf7 (63.
Nf7 Nxh5 64. Nxh5 Kb6 $11) 1/2-1/2